| 000 | 01046nam a22002177a 4500 | ||
|---|---|---|---|
| 003 | NALT | ||
| 005 | 20230705165159.0 | ||
| 008 | s2549 th tha d | ||
| 020 | _a9749419952 | ||
| 040 | _aNALT | ||
| 041 | _atha | ||
| 050 |
_aSB 290 _bส691ว 2549 |
||
| 110 | 2 |
_aสำนักงานกองทุนสนับสนุนการวิจัย (สกว.). _91886 |
|
| 245 | 1 | 0 |
_aวิจัยยางพาราเพื่ออนาคตที่ยั่งยืน / _cสำนักงานกองทุนสนับสนุนการวิจัย (สกว.). |
| 260 |
_aกรุงเทพฯ : _bสำนักงานกองทุนสนับสนุนการวิจัย, _c2549 |
||
| 300 |
_a294 หน้า : _bภาพประกอบ, ตาราง, แผนภูมิ ; _c29 ซม. |
||
| 650 | 4 |
_aยางพารา _99785 _zไทย |
|
| 850 | _aNALT | ||
| 942 |
_cRSH _2lcc |
||
| 999 |
_c48524 _d48524 |
||
| 998 |
_j1020 _k นางจำเรียง ระวังสำโรง |
||